Normal view MARC view
  • Falak, Danish

Entry Personal Name

Number of records used in: 1

001 - CONTROL NUMBER

  • control field: 131609

003 - CONTROL NUMBER IDENTIFIER

  • control field: NUST

005 - DATE AND TIME OF LATEST TRANSACTION

  • control field: 20251028134921.0

008 - FIXED-LENGTH DATA ELEMENTS

  • fixed length control field: 251028|| aca||aabn | a|a d

040 ## - CATALOGING SOURCE

  • Original cataloging agency: NUST
  • Transcribing agency: NUST

100 ## - HEADING--PERSONAL NAME

  • Personal name: Falak, Danish

670 ## - SOURCE DATA FOUND

  • Source citation: Work cat.: (NUST): Falak, Danish, Visit to University of Southampton Malaysia (UoSM) and Pelabuhan Tanjung Pelepas Sdn Bhd (PTP) under the International Exposure Program of NUST-NBS/
© 2023 Central Library, National University of Sciences and Technology. All Rights Reserved.